| 000 | 00769cam a22002533a 4500 | ||
|---|---|---|---|
| 001 | 18769 | ||
| 003 | PGUSA | ||
| 005 | 20140828083411.0 | ||
| 008 | 060706s2006||||xxu|||||s|||||000 | eng d | ||
| 040 |
_aPGUSA _beng |
||
| 042 | _adc | ||
| 050 | 4 | _aPN | |
| 100 | 1 |
_aHoward, Bronson, _d1842-1908 |
|
| 245 | 1 | 4 |
_aThe Autobiography of a Play : _bPapers on Play-Making, II _h[electronic resource] / _cBronson Howard |
| 260 |
_bProject Gutenberg, _c2006 |
||
| 506 | _aPublic domain in the USA. | ||
| 516 | _aElectronic text | ||
| 653 | _aDrama -- Technique | ||
| 653 | _aHoward, Bronson, 1842-1908. Banker's daughter | ||
| 700 | 1 |
_aThomas, Augustus, _d1857-1934 |
|
| 830 | 0 |
_aProject Gutenberg _v18769 |
|
| 856 | 4 | 0 | _uhttp://www.gutenberg.org/ebooks/18769 |
| 942 | _cEB | ||
| 999 |
_c248024 _d248024 |
||